000 00610nam a22002417a 4500
003 UA-OsUOA
001 24071
007 ta
008 20040206b un ||||| |||| 00| 0 ukr d
090 _a031
_bT44
942 _cBK
040 _aUA-OsUOA
_beng
_cUA-OsUOA
_dUA-OsUOA
245 _aThe Americana Annual
_bAn Encyclopedia of the Events of 1973
_cEd. BernardCayne
300 _a682 с.
_bІлюстрації
955 _a0
041 _aeng
080 _a031
020 _a0-7172-0205-4
260 _bYearbook of the Encyclopedia Americana
_c1974
044 _aUS
650 7 _2UDC
999 _c310334
_d310334